| 000 | 00845nam a2200181Ia 4500 | ||
|---|---|---|---|
| 008 | 090124s9999 xx 000 0 und d | ||
| 082 | _b43921 | ||
| 100 | _aफडके य. दि. | ||
| 245 | _a संसद तेव्हा आणि आता-भारतीय घटनेची 50 वर्षे-पुस्तक 10 वे | ||
| 250 | _a1 | ||
| 260 |
_bअक्षर प्रकाशन _c2006 |
||
| 300 | _a143 | ||
| 600 | _aफडके य. दि. | ||
| 630 | _a संसद तेव्हा आणि आता-भारतीय घटनेची 50 वर्षे-पुस्तक 10 वे | ||
| 700 | _aफडके य. दि. | ||
| 730 | _a संसद तेव्हा आणि आता-भारतीय घटनेची 50 वर्षे-पुस्तक 10 वे | ||
| 942 | _cBOOK | ||
| 999 |
_c110207 _d110207 |
||